Film con più Oscar senza vincere come Miglior film - Statistics

Statistiche generali
  • Questo quiz è stato fatto 12 volte
  • Il punteggio medio è 2 su 16
Statistiche sulle risposte
Premi oscar Anno di uscita del film FIlm % Corretto
6 2016 La La Land
80%
6 1977 Guerre stellari
30%
5 1998 Salvate il soldato Ryan
30%
8 1972 Cabaret
20%
7 2013 Gravity
20%
6 2015 Mad Max: Fury Road
20%
6 2021 Dune
10%
5 1965 Il dottor Živago
10%
5 1964 Mary Poppins
10%
6 1951 Un posto al sole
10%
5 1966 Chi ha paura di Virginia Woolf?
0%
5 2011 Hugo Cabret
0%
5 1952 Il bruto e la bella
0%
5 1956 Il re ed io
0%
5 2004 The Aviator
0%
5 1944 Wilson
0%
Nessun quiz corrispondente trovato
Distribuzione punteggi
Percentuale di utenti per punteggio
Percentile per numero di risposta
I tuoi punteggi nel tempo
Non hai fatto questo quiz